|
|
|
|
| LEADER |
00000nam0a2200000 4500 |
| 001 |
372466 |
| 005 |
20231102012459.0 |
| 035 |
|
|
|a (RuTPU)RU\TPU\retro\29889
|
| 035 |
|
|
|a RU\TPU\book\221031
|
| 090 |
|
|
|a 372466
|
| 100 |
|
|
|a 20221215d1977 m y0rusy50 ca
|
| 101 |
0 |
|
|a rus
|
| 102 |
|
|
|a BY
|
| 105 |
|
|
|a a j 001zy
|
| 200 |
1 |
|
|a Руководство к решению технических задач по теории вероятностей и математической статистики
|e учебное пособие для вузов
|f Н. А. Микулик, Г. Н. Рейзина
|
| 210 |
|
|
|a Минск
|c Вышэйшая школа
|d 1977
|
| 215 |
|
|
|a 144 с.
|c ил.
|
| 320 |
|
|
|a Библиогр.: с. 141.
|
| 606 |
1 |
|
|a Вероятностей теория и математическая статистика
|2 stltpush
|3 (RuTPU)RU\TPU\subj\2260
|9 30847
|
| 610 |
1 |
|
|a математика
|
| 610 |
1 |
|
|a математическая статистика
|
| 610 |
1 |
|
|a теория вероятностей
|
| 610 |
1 |
|
|a случайные события
|
| 610 |
1 |
|
|a случайные величины
|
| 610 |
1 |
|
|a выборочные методы
|
| 610 |
1 |
|
|a статистические гипотезы
|
| 610 |
1 |
|
|a корреляции
|
| 610 |
1 |
|
|a случайные функции
|
| 610 |
1 |
|
|a задачи
|
| 610 |
1 |
|
|a решения
|
| 610 |
1 |
|
|a учебные пособия
|
| 675 |
|
|
|a 519.2(076)
|v 3
|
| 700 |
|
1 |
|a Микулик
|b Н. А.
|g Николай Александрович
|
| 701 |
|
1 |
|a Рейзина
|b Г. Н.
|g Галина Николаевна
|
| 801 |
|
1 |
|a RU
|b 63413507
|c 20111022
|
| 801 |
|
2 |
|a RU
|b 63413507
|c 20221215
|g RCR
|
| 942 |
|
|
|c BK
|